000 00477nam a22001697a 4500
005 20240718125853.0
008 240718b |||||||| |||| 00| 0 eng d
020 _a9780596006198
082 _a005.446
_bGRA-W
100 _aGralla,Preston
245 _aWindows XP Power Hound:
_beach Yourself New Tricks /
_cPreston Gralla
260 _aUSA:
_bElsevier;
_c2005.
300 _axx, 358 p. :
_bill;
_c23 cm.
500 _ainclude index.
650 _aNetworking
999 _c36142
_d36142